00730nam a2200193 a 450000100100000000500170001000800410002702000180006804000250008608200080011124501710011926000570029030000330034749000310038070000300041170000320044170000320047383000310050500003965720201002033650.0130715s2011 cl d 000 0 spa d a9789212210841 aDO-SdBNPbspacBNPHU axxx00aConstruyendo autonomía :bCompromisos e indicadores de género /ccoordinadoras Sonia Montaño Virreira y Karina Batthypany Dighiero ; prólogo Alicia Bárcena. aSantiago de Chile :bNaciones Unidas,bCEPAL,c2011. a307 p. :bdiagrs., ;c23 cm.1 aCuadernos de la Cepalv1001 aMontaño Virreira, Sonia1 aBatthypany Dighiero, Karina1 aBárcena, Alicia,epról. 0aCuadernos de la Cepalv100